Βάτραχοι και φρύνοι

Saved in:
Bibliographic Details
Main Author: Parker, Bertha Morris
Other Authors: McCosh, Gladys K., Παπαδάκης, Στέλιος Ε. (Translator)
Format: Book
Language:Greek
Published: Αθήναι : Πεχλιβανίδης, c1953.
Series:Βιβλιοθήκη βασικής επιστημονικής μορφώσεως. Φύσις και ζωή.
Subjects:
Tags: Add Tag
No Tags, Be the first to tag this record!

MARC

LEADER 00000cam a2200000 i 4500
001 1/20910
008 930930s1953 gr | ||| |||| ||gre||
035 |a 1989  |b 2  |c Δωρεά  |l 10036155 
040 |a GR-MY-UA  |b gre  |e aacr 
041 0 |a gre 
082 7 |a 597.80083   |2 (22) 
100 1 |a Parker, Bertha Morris. 
245 1 0 |a Βάτραχοι και φρύνοι /   |c της Βέρθας Μόρρις Πάρκερ ; έλεγχος επιστημονικής ακριβείας από την Γκλάντυς Κ. Μακ Κος ; μετάφραση και διασκευή Στέλιου Ε. Παπαδάκη και Χ. Γεωργόπουλου.  
260 |a Αθήναι :   |b Πεχλιβανίδης,   |c c1953. 
300 |a [36] σ. ;   |c 21 εκ.  
490 1 |a (Βιβλιοθήκη βασικής επιστημονικής μορφώσεως. Φύσις και ζωή (Πεχλιβανίδης) 
650 0 0 |a Frogs  |x Juvenile literature. 
650 0 0 |a Toads  |x Juvenile literature. 
700 1 |a McCosh, Gladys K. 
700 1 |a Παπαδάκης, Στέλιος Ε.  |e trl 
830 0 |a Βιβλιοθήκη βασικής επιστημονικής μορφώσεως.   |p Φύσις και ζωή. 
852 |a INST  |b RHODES  |e 19930930  |h 597.80083 PAR  |p 005400003147  |q 005400003147  |t BK  |y 0 
909 |a Ρ  |b 014592 
970 |z 30/09/1993